Les maires d'Ajaccio - Statistiques

Statistiques générales
  • Ce quiz a été pris 13 fois
  • Le résultat moyen est 17 sur 52
Statistiques - réponses
Dates Maire % Correct
2014-2022 Laurent MARCANGELI
100%
1994-2001 Marc Marcangeli
100%
2022- Stéphane SBRAGGIA
100%
1975-1994 Charles ORNANO
83%
1796-1798 Lodovico ORNANO
83%
2001-2014 Simon RENUCCI
67%
1826-1832 Constantin STEPHANOPOLI
50%
1931-1934 François COTY
50%
1816-1817 Georges STEPHANOPOLI
50%
1964-1975 Pascal ROSSINI
50%
1801-1805 Pierre STEPHANOPOLI
50%
1949-1953 Antoine SERAFINI
33%
1959-1964 Antoine SERAFINI
33%
1945-1947 Arthur GIOVONI
33%
1925-1931 Dominique PAOLI
33%
1935-1943 Dominique PAOLI
33%
1904-1919 Dominique PUGLIESI-CONTI
33%
1805-1816 François LEVIE
33%
1953-1959 François MAGLIOLI
33%
1798-1799 François-Marie LEVIE
33%
1873-1876 François-Xavier FORCIOLI-CONTI
33%
1799-1800 Jean-Baptiste POZZO DI BORGO
33%
1790-1791 Jean-Jérôme LEVIE
33%
1800-1801 Jean-Jérôme LEVIE
33%
1870 Joseph FIL
33%
1871 Joseph FIL
33%
1877 Joseph FIL
33%
1884-1893 Joseph PUGLIESI
33%
1896-1900 Joseph PUGLIESI
33%
1848-1855 Laurent ZEVACO
33%
1947-1949 Nicéphore STEPHANOPOLI DE COMMENE
33%
1870-1871 Nicolas PERALDI
33%
1871-1873 Nicolas PERALDI
33%
1876-1877 Nicolas PERALDI
33%
1877-1884 Nicolas PERALDI
33%
1837-1848 Paul-François PERALDI
33%
1832-1837 Ascagne CUNEO D'ORNANO
17%
1943-1945 Eugène MACCHINI
17%
1934-1935 Hyacinthe CAMPIGLIA
17%
1822-1826 Jean-Baptiste SPOTURNO
17%
1919-1925 Jérôme PERI
17%
1867-1870 Louis NYER
17%
1817-1819 Adorno DE BACIOCCHI
0%
1855-1860 Antoine DE COSIMI
0%
1798 Antoine TAGLIAFICO
0%
1848 Bernardin POLI
0%
1860-1867 François-Xavier BRACCINI
0%
1819-1822 Jean-Baptiste COLONNA DE BOZZI
0%
1900-1904 Pierre BODOY
0%
1893-1896 Pierre PETRETO
0%
1798 Thomas TAVERA
0%
1791-1796 Vincente GUITERA
0%
Aucun quiz correspondant
Distribution des résultats
% des personnes avec chaque résultat
Percentile par nombre de réponses
Votre historique - résultats
Vous n’avez pas pris ce quiz